| 000 | 01335cad a22002655a 4500 | ||
|---|---|---|---|
| 001 | L156686 | ||
| 008 | 120625s2011 xxk f 000 0 eng d | ||
| 035 | _a(Sirsi) u156686 | ||
| 041 | 0 | _aeng | |
| 110 | 2 |
_aNational Buildings Specification _95911 |
|
| 240 | _aBIM Survey | ||
| 240 | _aNBS BIM report | ||
| 245 | 0 | 0 |
_aBuilding information modelling report _bMarch 2011 _h[electronic resource] |
| 260 |
_a[S.l.] _bRIBA Enterprises Ltd _c2011 |
||
| 505 | 2 | _aPutting the 'I' into BIM -- The rapid acceleration of BIM -- BIM survey: summary of findings -- BIM - the long view from architectural and design practice -- BIM - measurement and costing -- BIM and education | |
| 520 | _aThe first 'NBS BIM report' in what will be a series of reports on the adoption of 'BIM' or Building Information Modelling. The reports track changes in attitudes towards BIM as well as implementation within the industry, and provide a reference point for the industry to share success and to highlight areas of developmental need. | ||
| 590 | _aKA | ||
| 650 | 2 | 4 | _aBUILDING INFORMATION MODELLING |
| 650 | 2 | 4 |
_aBIM _96219 |
| 651 | 4 |
_aUnited Kingdom _y |
|
| 690 |
_aBIM _96219 |
||
| 710 | 1 | _aRIBA Enterprises Ltd | |
| 856 | 4 | 0 |
_uhttps://www.thenbs.com/pdfs/bimResearchReport_2011-03.pdf _zView the item free of charge at www.thenbs.com |
| 942 | _n0 | ||
| 999 |
_c114362 _d114362 |
||